| 000 | 01297nam2a22002531 4500 | ||
|---|---|---|---|
| 001 | rc\3909193 | ||
| 005 | 20250611020038.0 | ||
| 021 |
_aRU _b[56-53174] |
||
| 035 | _a(NLR Aleph) 008018240 | ||
| 090 |
_a8743996 _c8743996 |
||
| 100 | _a20130415d1956 |||y0rusy50 ca | ||
| 101 | 0 | _arus | |
| 102 | _aRU | ||
| 105 | _aa z ||||| | ||
| 200 | 1 |
_aАрматура линий электропередачи напряжением 400 кв _f[Авт. инж. Г.С. Дуткин] |
|
| 210 |
_d1956 _aБ. м. |
||
| 215 |
_a48 с. _cчерт. |
||
| 461 | 0 |
_1001rc\3909190 _12001#$aИзделия треста "Армсеть"$eВып. 1-$fМ-во строительства электростанций СССР. Всесоюз. арматурно-изоляторный трест "Армсеть"$vВып. 3 _98743980 _a"Армсеть", контора (Москва) _cМосква _d1956 _fМ-во строительства электростанций СССР. Всесоюз. арматурно-изоляторный трест "Армсеть" _nГосэнергоиздат _oВып. 1- _tИзделия треста "Армсеть" _vВып. 3 |
|
| 700 | 1 |
_aДуткин _bГ.С. |
|
| 801 | 0 |
_aRU _bNLR _gpsbo |
|
| 801 | 1 |
_aRU _bELAR _2rusmarc |
|
| 852 |
_aNLR _jТ20 Г-4/2201 |
||
| 942 | _cBOOK | ||
| 980 | _aNB | ||